Meilleurs sons de Lefa - Statistiques

Statistiques générales
  • Ce quiz a été pris 195 fois
    150 depuis la dernière actualisation
  • Le résultat moyen est 6 sur 15
Statistiques - réponses
Rang Titres Streams % Correct
4 Bitch (ft. Vald) 70,9M
83%
3 Paradise (ft. Lomepal) 71,6M
75%
9 Smile (ft. SCH) 27,6M
63%
12 Mauvais 17,0M
52%
8 T'y arrivais pas 31,4M
48%
1 Désolé 104,9M
42%
2 Wati by Night 90,4M
38%
6 Avant qu'elle parte 46,1M
37%
13 230 (ft. PLK) 16,7M
36%
5 Ma direction 63,9M
32%
14 Potentiel (ft. Orelsan) 15,3M
30%
7 Wati House 35,2M
25%
10 Balader 23,4M
17%
11 Problèmes d'adultes 18,9M
6%
15 J'reste debout 13,7M
5%
Aucun quiz correspondant
Distribution des résultats
% des personnes avec chaque résultat
Percentile par nombre de réponses
Votre historique - résultats
Vous n’avez pas pris ce quiz depuis la dernière actualisation